Metódy a špecifiká transferového oceňovania

Podstata transferového oceňovania. Pojem závislá osoba. Akceptované metódy transferového oceňovania. Metódy vychádzajúce z porovnávania ceny. Metódy vychádzajúce z porovnávania zisku. Dokumentácia o metóde ocenenia. Transferové oceňovanie od roku 2017 - schválené zmeny. Zmeny v definícii závislých o...

Descrizione completa

Salvato in:
Dettagli Bibliografici
Autore principale: Simonidesová, Jana, 1968-
Natura: Capitolo di libro
Lingua:slovacco
Soggetti:
Tags: Aggiungi Tag
Nessun Tag, puoi essere il primo ad aggiungerne!!

MARC

LEADER 00000nla a2200000 4500
001 0238590
005 20240502073848.5
041 0 |a slo 
044 |a SK 
245 1 0 |a Metódy a špecifiká transferového oceňovania  |c Jana Simonidesová 
520 |a Podstata transferového oceňovania. Pojem závislá osoba. Akceptované metódy transferového oceňovania. Metódy vychádzajúce z porovnávania ceny. Metódy vychádzajúce z porovnávania zisku. Dokumentácia o metóde ocenenia. Transferové oceňovanie od roku 2017 - schválené zmeny. Zmeny v definícii závislých osôb na účely transferového oceňovania. Spresnenie definície ekonomického a personálneho prepojenia. Rozšírenie definície personálneho prepojenia aj na nepodnikateľov. 
610 2 0 |a oceňovanie transferové 
610 2 0 |a metódy ohodnocovania 
610 2 0 |a legislatíva 
610 2 0 |a dane z príjmov 
610 2 0 |a ceny 
610 2 0 |a zisk 
100 1 |a Simonidesová, Jana, 1968-